Письмо неустановленного лица (подпись неразборчива) к Александру Илларионовичу Васильчикову с замечаниями на [рукопись] его книг...

Доступно только в Электронных читальных залах Найти на картеНа карте
RUSMARC
00003649nmc2a2200000 x 450
00109b73963-ab91-4e62-b0b3-f479ea9f179b
00520151218100941.0
100##$a20150901l18751875k l0rusy0189 ca
1010#$arus
102##$aRU
2001#$aПисьмо неустановленного лица (подпись неразборчива) к Александру Илларионовичу Васильчикову с замечаниями на [рукопись] его книги ["Землевладение и земледелие"]
$j12 октября 1875 г.
251##$cДело
300##$aОриг. заголовок дела: Письмо неустановленного лица к Александру Илларионовичу Васильчикову по поводу его книги о [землевладении]
801#0$aRU
$bРГИА
$c20150901
$gRCR
801#1$aRU
$bГлавНИВЦ
$c20150901
$2rusmarc
801#2$aRU
$bПБ им. Б.Н. Ельцина
$c20151218
$gRCR
$2rusmarc
850##$aРГИА
852##$aРГИА
$eФедеральное казенное учреждение "Российский государственный исторический архив" (РГИА)
$j644
937##$hРГИА
$d12147433
$aASBIBLIO_SCAN
462#0$1001822e29f6-cf5c-4253-b938-c1de610979e5
$12001
$aАрхив князей Васильчиковых. 1706-1917 гг.
$1251
$cОпись
$1852
$j1
461#0$1001f72a1ecb-9a9a-44e3-87ff-4a647e6521fe
$12001
$aВасильчиковы, князья
$1251
$cФонд
$1852
$j651
215##$a3 л.
$d36,5х26 см
371##$aДокумент не является опубликованным и широко распространяемым
105##$ay###
1220#$ad
035##$a09b73963-ab91-4e62-b0b3-f479ea9f179b
Формат отображения